000 00364 a2200109 4500
001 ART_10495
005 20260410161848.0
008 260409a
245 1 0 _aObjetivos alternativos de la empresa y elasticidad de la demanda de insumos
100 1 _aFernandez Pol, Jorge E.
773 0 _tEconómica
_g- Año XXIII, Nº3 (sep./dic. 1977)
_wREV7541
999 _c24786
_d24786